• 首页
  • 本馆介绍
  • 公告通知
  • 最新文献
  • 馆藏检索
  • 电子资源
  • 读者导购
  • 参考咨询
  • 我的图书馆
  • 登录
  • 详细信息显示
  • 放入我的书架
  • 预约/预借图书
  • 作者相关作品
  • 分类相关作品
  • 丛书相关作品
  • 出版社相关作品

书目信息

  • 表格格式
  • 工作单格式
  • 卡片格式
题名:
旧中国开滦煤矿工人状况
    
 
作者: 郭士浩 主编
分册:  
出版信息: 北京   人民出版社  1985
页数: 269页
开本: 19cm
丛书名:
单 册:
中图分类: D412.7
科图分类:
主题词: 开滦煤矿工人罢工 , 工人运动 , 工人群众组织
电子资源:
ISBN:
000 00707nam0 2200253 45
001 0185008834
005 20050629154345.9
010    @dCNY1.25
091    @a4001.564
100    @a19901005d1985 emky0chiy0121 ea
101 0  @achi
102    @aCN@b110000
105    @ay z 000yy
200 10 @a旧中国开滦煤矿工人状况@Ajiu zhong guo kai luan mei kuang gong ren zhuang kuang@f郭士浩主编@FGuo Shi Hao Zhu Bian
210    @a北京@c人民出版社@d1985
215    @a269页@d19cm
606    @a开滦煤矿工人罢工
606 0  @a工人运动
606 0  @a工人群众组织
690    @aD412.7@v3
701  0 @a郭士浩@4主编
801  0 @aCN@b深圳图书馆@c20040424
801  2 @aCN@bNLC@c20040424
905    @dD412.7@e7@f1@b158798
    
    旧中国开滦煤矿工人状况/郭士浩主编.-北京:人民出版社,1985
    269页;19cm
    
    
    ISBN :CNY1.25
    
●
相关链接 在E读中查询图书 在五车中查询图书 在当当中查询图书 在豆瓣中查询图书


正题名:旧中国开滦煤矿工人状况     索取号:D412.7/7         预约/预借

序号 登录号 条形码 馆藏地/架位号 状态 备注
1 0158796   000382972   第一借阅区/ [索取号:D412.7/7] 在馆    
2 0158797   000382963   第一借阅区/ [索取号:D412.7/7] 在馆    
3 0158798   000382954   第一样本阅览室/ [索取号:D412.7/7] 在馆    
4 1050556   210505568   红色文献专区/ [索取号:D412.7/7] 在馆    
唐山师范学院图书馆 欢迎您!
大连网信软件有限公司© 版权所有